La casación civil, penal y laboral en la nación y en la provincia de Buenos Aires (Registro nro. 3357)
[ vista simple ]
| 000 -LEADER | |
|---|---|
| fixed length control field | 02028 a2200373 4500 |
| 001 - CONTROL NUMBER | |
| control field | 41089 |
| 005 - DATE AND TIME OF LATEST TRANSACTION | |
| control field | 20260407155704.0 |
| 008 - FIXED-LENGTH DATA ELEMENTS--GENERAL INFORMATION | |
| fixed length control field | 260407a2008 arg spa d |
| 003 - CONTROL NUMBER IDENTIFIER | |
| control field | AR-UNSa-BCEJYS |
| 040 ## - CATALOGING SOURCE | |
| Original cataloging agency | AR-UNSa-BCEJYS |
| Language of cataloging | spa |
| Transcribing agency | AR-UNSa-BCEJYS |
| 080 ## - UNIVERSAL DECIMAL CLASSIFICATION NUMBER | |
| Universal Decimal Classification number | 343.156 |
| Common auxiliary subdivision | Recursos contra sentencias judiciales no firmes. Apelaciones. Objeciones. Recurso de casación. |
| 020 ## - INTERNATIONAL STANDARD BOOK NUMBER | |
| International Standard Book Number | 978-950-894-699-7 |
| 041 ## - LANGUAGE CODE | |
| Language code of text/sound track or separate title | spa |
| 100 1# - MAIN ENTRY--PERSONAL NAME | |
| Personal name | Masciotra, Mario |
| 245 10 - TITLE STATEMENT | |
| Title | La casación civil, penal y laboral en la nación y en la provincia de Buenos Aires |
| 264 #1 - PRODUCTION, PUBLICATION, DISTRIBUTION, MANUFACTURE, AND COPYRIGHT NOTICE | |
| Place of production, publication, distribution, manufacture | Buenos Aires : |
| Name of producer, publisher, distributor, manufacturer | AD-HOC |
| Date of production, publication, distribution, manufacture, or copyright notice | 2008 |
| 300 ## - PHYSICAL DESCRIPTION | |
| Extent | 304 p. |
| Dimensions | 20 cm. |
| 505 ## - FORMATTED CONTENTS NOTE | |
| Formatted contents note | 1. El recurso de casación en el proceso civil oral - 2. Diferencias entre la casación, el recurso extraordinario federal y el recurso de inaplicabilidad de la Ley en el orden nacional - 3. La dobre instancia y el recurso de casación - 4. El derecho al recurso y la casación penal - 5. Tendencias desformalizadoras en la admisibilidad y procedencia de los recursos extraordinarios en la casación bonaerense - 6. La nueva casación civil española - 7. El recurso extraordinario federal y su incidencia en el recurso de casación penal - 8. Algunas anotaciones al nuevo régimen del recurso de casación en los juicios laborales en Venezuela - 9. Recursos extraordinarios. El requisito del depósito previo en el proceso laboral de la provincia de Buenos Aires |
| 590 ## - LOCAL NOTE (RLIN) | |
| Local note | niveau_biblio:m niveau_hierar:0 |
| 700 1# - ADDED ENTRY--PERSONAL NAME | |
| Personal name | Morello, Augusto Mario |
| 700 1# - ADDED ENTRY--PERSONAL NAME | |
| Personal name | Falcón, Enrique M. |
| 700 1# - ADDED ENTRY--PERSONAL NAME | |
| Personal name | Gozaíni, Osvaldo A. |
| 700 1# - ADDED ENTRY--PERSONAL NAME | |
| Personal name | Ledesma, Angela Ester |
| 700 1# - ADDED ENTRY--PERSONAL NAME | |
| Personal name | Costantino, Juan |
| 700 1# - ADDED ENTRY--PERSONAL NAME | |
| Personal name | Méndez, Héctor O. |
| 700 1# - ADDED ENTRY--PERSONAL NAME | |
| Personal name | Ísola, Alfredo E. |
| 700 1# - ADDED ENTRY--PERSONAL NAME | |
| Personal name | Baumeister Toledo, Alberto |
| 700 1# - ADDED ENTRY--PERSONAL NAME | |
| Personal name | Valcarce, Arodin |
| 700 1# - ADDED ENTRY--PERSONAL NAME | |
| Personal name | Carelli, Enrique A. |
| 700 1# - ADDED ENTRY--PERSONAL NAME | |
| Personal name | López Alduncin, María de las Mercedes |
| 700 1# - ADDED ENTRY--PERSONAL NAME | |
| Personal name | Gómez, Santiago R. |
| 856 41 - ELECTRONIC LOCATION AND ACCESS | |
| Uniform Resource Identifier | <a href="https://biblioeco.unsa.edu.ar/pmb/images/libros/L126356.jpg">https://biblioeco.unsa.edu.ar/pmb/images/libros/L126356.jpg</a> |
| Link text | Imagen de portada |
| Electronic format type | image/jpeg |
| 942 ## - ADDED ENTRY ELEMENTS (KOHA) | |
| Koha item type | |
| Withdrawn status | Lost status | Damaged status | Not for loan | Home library | Current library | Shelving location | Date acquired | Total checkouts | Full call number | Barcode | Date last seen | Price effective from | Koha item type |
|---|---|---|---|---|---|---|---|---|---|---|---|---|---|
| Biblioteca Prof. Eusebio Cleto del Rey | Biblioteca Prof. Eusebio Cleto del Rey | 07/04/2026 | 343.156 M395 | L126356 | 07/04/2026 | 07/04/2026 | Libro |